Statistics for Highest Average Elevation Countries - Top 5 Per Continent

Click here to take the quiz!

General Stats

  • This quiz has been taken 53 times
  • The average score is 20 of 25

Answer Stats

Answer % Correct
Nepal
100%
Bhutan
96%
Bolivia
94%
Peru
94%
Chile
94%
Switzerland
94%
United States
92%
Argentina
92%
Austria
90%
Mexico
90%
Ecuador
90%
Afghanistan
83%
Guatemala
79%
Honduras
77%
Ethiopia
75%
Burundi
75%
Rwanda
75%
Costa Rica
75%
Kyrgyzstan
73%
Tajikistan
73%
Andorra
71%
Lesotho
67%
Montenegro
42%
Macedonia
38%
Namibia
31%

Score Distribution

Percentile by Number Answered

Percent of People with Each Score

Your Score History

You have not taken this quiz